Digital Competence in the Workplace: Review of Assessment Scales

Preskúmanie škál a nástrojov na meranie digitálnych zručností zamestnancov a identifikovanie bežne hodnotených zručností.

Guardado en:
Detalles Bibliográficos
Autor principal: Baziuk, Andriana, 2002-
Otros Autores: Hanák, Róbert, 1979-, Černý, Matej, 1982-, Romanová, Anita, 1973-
Formato: Capítulo de libro
Lenguaje:inglés
Materias:
Etiquetas: Agregar Etiqueta
Sin Etiquetas, Sea el primero en etiquetar este registro!

MARC

LEADER 00000naa$a2200000$$$4500
001 0312768
005 20251014081319.9
041 0 |a eng 
044 |a HR 
245 1 0 |a Digital Competence in the Workplace: Review of Assessment Scales  |c Andriana Baziuk, Róbert Hanák, Matej Černý, Anita Romanová 
520 |a Preskúmanie škál a nástrojov na meranie digitálnych zručností zamestnancov a identifikovanie bežne hodnotených zručností. 
610 2 0 |a hodnotenie 
610 2 0 |a zručnosti 
610 2 0 |a zručnosti digitálne 
610 2 0 |a technológie nové 
610 2 0 |a kompetencie 
610 2 0 |a digitalizácia 
610 2 0 |a škálovanie 
610 2 0 |a škály 
100 1 |a Baziuk, Andriana, 2002- 
700 1 |a Hanák, Róbert, 1979- 
700 1 |a Černý, Matej, 1982- 
700 1 |a Romanová, Anita, 1973-